000 01476nam a2200421 i 4500
001 196333
003 ES-MaACL
005 20241012063110.0
007 ta
008 240913s2012 sp a | |||| 001 0 spa
017 _aB 33433-2012
_bOficina Depósito Legal Barcelona
020 _a9788433963512
035 _a(OCoLC)828391443
035 _a(SpMaBN)a5313867
035 _a991039416509708606
040 _aSpMaBN
_bspa
_cSpMaBN
_erdc
_dES-MaACL
080 _a159.964
080 _a612.82
100 _aEagleman, David
_9238706
245 1 0 _aIncógnito :
_blas vidas secretas del cerebro /
_cDavid Eagleman ; traducción de Damià Alou.
250 _a1ª ed.
260 _aBarcelona :
_bAnagrama,
_c2013.
300 _a348 p. :
_bil. ;
_c22 cm
336 _aTexto (visual)
_2isbdcontent
337 _asin mediación
_2isbdmedia
338 _2rdacarrier
_avolumen
500 _aTraducción de: Incognito. The Secret Lives of the Brain.
504 _aBibliografía: p. 305-334. Índice
650 4 _aSubconsciente
_2embne
_917233
650 4 _aCerebro-
_xFisiología
_2embne
_910904
852 _aES-MaACL
_cDEPO1
_hDonación: José Manuel Duarte Cendán
_9204049
_jA-15391
903 _9238529
_aDuarte Cendán, José Manuel
_q1
_ednr
942 _n0
_cMONOGRAFIA
999 _c196333
_d196333